000
00198 a2200097 4500
090
_c
12552
_d
12552
100
_a
Hansen A G
245
_a
Fluid Mechanics
260
_b
John Wiley
942
_a
NUST-CAE
999
_c
372981
_d
372981